| 000 | 00499nab a2200145Ia 4500 | ||
|---|---|---|---|
| 003 | ES-SlBCS | ||
| 005 | 20210601150814.0 | ||
| 008 | 140529s1939 xxu||||| |||| 00| 0 spa d | ||
| 041 | _aspa | ||
| 100 | 1 |
_aAlameda, Santiago _928148 |
|
| 245 | 0 | 0 |
_aAtributos divinos como objeto de alabanza: 1. Grandeza, Inmensidad de Dios. 2. La unidad de Dios _c Santiago Alameda |
| 650 | 0 | 4 |
_aAtributos Divinos _9132337 |
| 773 | 0 |
_tVida Sobrenatural, la _gvol. 36, 1939, págs. 34-41 / 115-119 _wRev495 |
|
| 942 | _cAR | ||
| 999 |
_c747013 _d747013 |
||